Countries with highest number of Sickle cell births - Statistics

General Stats
  • This quiz has been taken 29 times
  • The average score is 4 of 10
Answer Stats
Births Answer % Correct
91011 Nigeria
100%
39743 Democratic Republic of the Congo
59%
11877 Tanzania
47%
10877 Uganda
47%
7172 Cameroon
35%
9017 Angola
29%
5815 Ghana
24%
6039 Zambia
24%
5402 Guinea
6%
5310 Niger
6%
No matching quizzes found
Score Distribution
Percent of People with Each Score
Percentile by Number Answered
Your Score History
You have not taken this quiz